000 00770pam a2200265 4500
001 1929
003 BD-RjUL
005 20211208233438.0
008 131209s1974 mau b 001 0 eng
020 _a0669913308
035 _a(BD-RjUL)1956
040 _aDLC
_cDLC
_dDLC
_dBD-RjUL
_beng
041 _aeng
082 0 0 _a329.01
_bHEM 1974
100 1 _aHershey, Marjorie Randon.
_96376
245 1 4 _aThe making of campaign strategy /
_cMarjorie Randon Hershey.
260 _aLexington, Mass :
_bLexington Books,
_cc1974
300 _axviii, 164 p. ;
_c22 cm.
504 _aIncludes bibliographical references.
650 0 _aCampaign management.
_96377
650 0 _aPolitical campaigns.
_96378
942 _2ddc
_cBK
999 _c1929
_d1929